00528nam a2200193 a 4500001001300000003000900013005001700022008004100039020001000080082001600090100002000106245005900126260003400185300000900219500003500228505002400263650002700287700002000314nice12345678IN_TiNIC20260116011258.0050524s1931 lona grp 000 0 eng  ac10000a248.22bSMI aSmith, Margaret aStudies in Early Mysticism in the Near and Middle East aLondon bSheldon Press c1931 a276p aincludes index and biblioraphy2 aBibliography, Index aMysticism-Christianity1 aSmith, Margaret